000 01061nmm a2200349 a 4500
003 AR-BaBNM
005 20251128202823.0
008 056019s1989 ||||||||||||||000 | spa||
020 _a950-14-0533-8
040 _cAR-BaBNM
100 1 _aRomero Ullmann, Roberto
245 1 0 _aEstructuras empresarias para el comercio internacional
250 _a2ª ed.
260 _aBuenos Aires
_bDepalma
_c1989
300 1 _axxiv, 365 p.
_bgráfs., tablas
500 0 _aContiene referencias bibliográficas en p. 363
500 0 _aEdición actualizada y ampliada
650 4 _aECONOMIA DE LA EMPRESA
650 4 _aPLANIFICACION Y ADMINISTRACION ECONOMICAS
650 4 _aSISTEMAS ECONOMICOS INTERNACIONALES
650 4 _aEXPORTACIONES
650 4 _aFINANCIACION
650 4 _aCOMERCIO INTERNACIONAL
650 4 _aPOLITICA COMERCIAL
650 4 _aESTRUCTURA ECONOMICA
650 4 _aECONOMIA INDUSTRIAL
650 4 _aPOLITICA INTERNACIONAL
653 0 _aECONOMIA POLITICA
700 1 _aLlamazares, Juan
_eprologuista
942 _cBK
998 _cMARTIN
999 _c733
_d733